| 000 | 02162nam0a2200433 4500 | ||
|---|---|---|---|
| 001 | RU\NLR\bibl\505326 | ||
| 005 | 20260405055429.0 | ||
| 010 |
_a5-200-03244-X _93000 |
||
| 021 |
_aRU _b2003-70939 _93512 |
||
| 035 | _aRSL-KNO-002393137 | ||
| 035 | _a(NLR Aleph) 000497891 | ||
| 090 |
_a1154949 _c1154949 |
||
| 100 | _a20031218d2003 |||y0rusy50 ca | ||
| 101 | 0 |
_arus _aeng |
|
| 102 | _aRU | ||
| 105 | _ay ||||||||| | ||
| 106 | _ar | ||
| 200 | 1 |
_aРусско-английский учебный словарь _dRussian-english learner's dictionary _eОк. 20000 слов и 60000 словосочетаний _fЛ.И. Косогова, И.С. Стам _zeng |
|
| 205 | _a4-е изд., стер. | ||
| 210 |
_aМ. _cРус. яз. _d2003 _eОАО Можайский полигр. комб. |
||
| 215 |
_a808, [1] с. _d21 |
||
| 300 | _aАвт. также на англ. яз.: L.I. Kosogova, I.S. Stam | ||
| 300 | _aНа обл. в подзаг.: Ок. 80000 слов и словосочетаний. Наиболее употреб. лексика соврем. рус. яз. Большое количество ил. примеров. Подроб. граммат. и стилист. характеристика слов и словосочетаний | ||
| 300 | _aНа обл.: А-Я | ||
| 510 | 0 |
_6z11790 _aRussian-english learner's dictionary _zeng |
|
| 606 | 0 |
_aРусский язык _xСловари _xАнглийский язык _91536876 _3RU\NLR\auth\66971036 |
|
| 686 |
_aШ143.21-48 _2rubbk |
||
| 686 | _aШ143.21-491перев | ||
| 700 | 1 |
_4070 _8rus _7ca _aКосогова _bЛ. И. _gЛилия Ивановна _3RU\NLR\auth\7718959 _92034 |
|
| 701 | 1 |
_4070 _8rus _7ca _aСтам _bИ. С. _gИнна Соломоновна _3RU\NLR\auth\7717194 _9284 |
|
| 790 | 1 |
_4070 _8rus _7ba _aKosogova _bL. I. _gLilija Ivanovna _3RU\NLR\auth\7718960 _92035 |
|
| 790 | 1 |
_4070 _8rus _7ba _aStam _bI. S. _gInna Solomonovna _3RU\NLR\auth\7718958 _92033 |
|
| 801 | 0 |
_aRU _bRuMoRKP _c20031218 _gPSBO |
|
| 801 | 1 |
_aRU _bRuMoRKP _c20031218 |
|
| 801 | 2 |
_aRU _bNLR _c20040326 _gPSBO |
|
| 942 | _cBOOK | ||
| 980 | _aNB | ||